[Event "GRE-chT 51st"]
[Site "Trikala"]
[Date "2024.07.08"]
[Round "5.2"]
[White "Rahmanidis, Petros"]
[Black "Ladopoulos, Dimitrios"]
[Result "0-1"]
[WhiteElo "2224"]
[BlackElo "2374"]
[PlyCount "82"]
[EventDate "2024.07.04"]
[EventType "team-swiss"]
[EventRounds "7"]
[EventCountry "GRE"]
[SourceTitle "CBM 221 Extra"]
[Source "ChessBase"]
[SourceDate "2024.09.30"]
[SourceVersion "1"]
[SourceVersionDate "2024.09.30"]
[SourceQuality "1"]
[WhiteTeam "Chalandriou"]
[BlackTeam "Ippotis Rodi"]
[WhiteTeamCountry "GRE"]
[BlackTeamCountry "GRE"]

1. e4 e6 2. d4 d5 3. e5 c5 4. c3 Nc6 5. Nf3 Bd7 6. Be2 Nge7 7. 0-0 Ng6 8. Be3 Be7 9. Nbd2 0-0 10. Re1 Rc8 11. Rc1 Qb6 12. dxc5 Qxb2 13. Rb1 Qxc3 14. Rxb7 Rfd8 15. Nb1 Qa5 16. Bd2 Qxa2 17. Nc3 Qa3 18. Rb3 Qa5 19. Nxd5 Qxc5 20. Rb5 Qa3 21. Rb3 Qa2 22. Nc3 Qa5 23. Ne4 Qc7 24. Qb1 Rb8 25. Rc1 Ngxe5 26. Nxe5 Qxe5 27. Ng3 Rxb3 28. Qxb3 Nd4 29. Qe3 Nxe2+ 30. Nxe2 Qxe3 31. Bxe3 a6 32. Rc7 Bd6 33. Ra7 Bb5 34. Nc3 Bb4 35. Bb6 Rc8 36. Na2 Bd6 37. g3 h6 38. Be3 Ba3 39. Bd4 Rc2 40. Nc3 Bc6 41. Kf1 Bf3 0-1

[Event "GRE-chT 51st"]
[Site "Trikala"]
[Date "2024.07.05"]
[Round "2.2"]
[White "Ladopoulos, Dimitrios"]
[Black "Mastrovasilis, Dimitrios"]
[Result "1/2-1/2"]
[WhiteElo "2374"]
[BlackElo "2566"]
[PlyCount "104"]
[EventDate "2024.07.04"]
[EventType "team-swiss"]
[EventRounds "7"]
[EventCountry "GRE"]
[SourceTitle "CBM 221 Extra"]
[Source "ChessBase"]
[SourceDate "2024.09.30"]
[SourceVersion "1"]
[SourceVersionDate "2024.09.30"]
[SourceQuality "1"]
[WhiteTeam "Ippotis Rodi"]
[BlackTeam "Kavalas"]
[WhiteTeamCountry "GRE"]
[BlackTeamCountry "GRE"]

1. d4 d5 2. c4 e6 3. Nf3 a6 4. e3 Nf6 5. Nbd2 c5 6. cxd5 exd5 7. b3 cxd4 8. Nxd4 Bb4 9. Qc2 0-0 10. a3 Bd6 11. Be2 Bd7 12. Bb2 Nc6 13. Nxc6 bxc6 14. 0-0 Re8 15. Bd3 h6 16. Rfc1 c5 17. Bf5 Be6 18. Rd1 Qe7 19. Rac1 Rab8 20. Bxe6 Qxe6 21. Bxf6 Qxf6 22. Nf3 Qe6 23. g3 Bf8 24. Ne1 d4 25. exd4 cxd4 26. b4 a5 27. Nd3 axb4 28. axb4 Bxb4 29. Nxb4 Rxb4 30. Qc5 Qe7 31. Qxe7 Rxe7 32. Rc8+ Kh7 33. Rd8 Re4 34. Rd2 g5 35. f3 Re3 36. Kg2 Rbb3 37. f4 gxf4 38. gxf4 d3 39. Kf2 Re2+ 40. Rxe2 dxe2 41. Re8 Kg6 42. Rxe2 Kf5 43. Re7 f6 44. Rh7 Rh3 45. Kg2 Rh4 46. Kg3 Rg4+ 47. Kh3 Rg6 48. Kh4 Kxf4 49. Kh5 Rg5+ 50. Kxh6 Kg4 51. Ra7 Rh5+ 52. Kg6 Rxh2 1/2-1/2

[Event "Rhodes Summer Cup"]
[Site "Rhodes"]
[Date "2024.06.28"]
[Round "7"]
[White "Hofstadler, Mario"]
[Black "Ladopoulos, Dimitrios"]
[Result "0-1"]
[WhiteElo "2103"]
[BlackElo "2374"]
[PlyCount "66"]
[EventDate "2024.06.22"]
[EventType "swiss"]
[EventRounds "9"]
[EventCountry "GRE"]
[SourceTitle "CBM 220 Extra"]
[Source "ChessBase"]
[SourceDate "2024.07.31"]
[SourceVersion "1"]
[SourceVersionDate "2024.07.31"]
[SourceQuality "1"]

1. d4 e6 2. c4 d5 3. Nf3 Nf6 4. cxd5 exd5 5. Nc3 c6 6. Bg5 Be7 7. e3 Bf5 8. Bd3 Bxd3 9. Qxd3 Nbd7 10. 0-0 0-0 11. Rab1 a5 12. a4 Re8 13. Nd2 Nf8 14. Rfe1 Ne6 15. Bh4 h6 16. Nf3 Nd7 17. Bg3 Bb4 18. Ne5 Nxe5 19. Bxe5 Bd6 20. Bxd6 Qxd6 21. b3 Rad8 22. Ne2 b6 23. Red1 Re7 24. Qc3 Qb4 25. Qb2 c5 26. Nc1 cxd4 27. Na2 Qd6 28. exd4 Nf4 29. Rd2 Qg6 30. f3 Rde8 31. Rf1 Nh3+ 32. Kh1 Re1 33. Rd1 R1e2 0-1

[Event "Rhodes Summer Cup"]
[Site "Rhodes"]
[Date "2024.06.26"]
[Round "5"]
[White "Ghaith, Saeed Alnuaimi"]
[Black "Ladopoulos, Dimitrios"]
[Result "0-1"]
[WhiteElo "1799"]
[BlackElo "2374"]
[PlyCount "42"]
[EventDate "2024.06.22"]
[EventType "swiss"]
[EventRounds "9"]
[EventCountry "GRE"]
[SourceTitle "CBM 220 Extra"]
[Source "ChessBase"]
[SourceDate "2024.07.31"]
[SourceVersion "1"]
[SourceVersionDate "2024.07.31"]
[SourceQuality "1"]

1. e4 d6 2. d4 Nf6 3. Nc3 c6 4. f4 Qa5 5. Bd3 e5 6. dxe5 dxe5 7. Nf3 Nbd7 8. Qe2 Bd6 9. Bd2 Qc7 10. f5 Nc5 11. Rg1 a6 12. g4 b5 13. Nd1 Bb7 14. c3 Nxd3+ 15. Qxd3 0-0-0 16. Qc2 Nxe4 17. Qxe4 c5 18. Qe3 e4 19. Ng5 Bxh2 20. Nh3 Rd3 21. Qe2 Rxh3 0-1

[Event "Rhodes Summer Cup"]
[Site "Rhodes"]
[Date "2024.06.25"]
[Round "4"]
[White "Ladopoulos, Dimitrios"]
[Black "Mostbauer, Florian"]
[Result "1/2-1/2"]
[WhiteElo "2374"]
[BlackElo "2324"]
[PlyCount "55"]
[EventDate "2024.06.22"]
[EventType "swiss"]
[EventRounds "9"]
[EventCountry "GRE"]
[SourceTitle "CBM 220 Extra"]
[Source "ChessBase"]
[SourceDate "2024.07.31"]
[SourceVersion "1"]
[SourceVersionDate "2024.07.31"]
[SourceQuality "1"]

1. e4 e5 2. Nf3 Nf6 3. Nc3 Nc6 4. Bb5 Bb4 5. Bxc6 dxc6 6. d3 Qe7 7. h3 h6 8. Be3 Bd7 9. a3 Bd6 10. Qe2 0-0-0 11. Nd2 Be6 12. b4 Kb8 13. Nc4 Nd7 14. Nxd6 cxd6 15. f4 Qh4+ 16. Qf2 Qxf2+ 17. Kxf2 f6 18. b5 c5 19. Ne2 g5 20. fxe5 fxe5 21. c4 Rdf8+ 22. Ke1 Rf7 23. Kd2 Nf8 24. h4 gxh4 25. Rxh4 h5 26. Rah1 Rg8 27. Rxh5 Rxg2 28. R5h2 1/2-1/2

[Event "Rhodes Summer Cup"]
[Site "Rhodes"]
[Date "2024.06.22"]
[Round "1"]
[White "Panaretos, Nikiforos"]
[Black "Ladopoulos, Dimitrios"]
[Result "0-1"]
[WhiteElo "1723"]
[BlackElo "2374"]
[PlyCount "60"]
[EventDate "2024.06.22"]
[EventType "swiss"]
[EventRounds "9"]
[EventCountry "GRE"]
[SourceTitle "CBM 220 Extra"]
[Source "ChessBase"]
[SourceDate "2024.07.31"]
[SourceVersion "1"]
[SourceVersionDate "2024.07.31"]
[SourceQuality "1"]

1. e4 c5 2. Nf3 e6 3. d4 cxd4 4. Nxd4 Nf6 5. Nc3 d6 6. h3 a6 7. a4 Nc6 8. Nxc6 bxc6 9. Bd3 d5 10. exd5 cxd5 11. 0-0 Bd6 12. Bg5 h6 13. Bh4 0-0 14. Kh1 Bb7 15. f3 Rc8 16. Re1 Bc7 17. Ne2 Re8 18. Qd2 Qd6 19. Bg3 e5 20. Nd4 Nh5 21. Bh2 Qf6 22. Nf5 e4 23. fxe4 Bxh2 24. Kxh2 dxe4 25. Be2 Qxf5 26. Rf1 Qe5+ 27. Kg1 Ng3 28. Bg4 Rcd8 29. Qf2 Nxf1 30. Rxf1 Qd4 0-1

[Event "Titled Tuesday intern op 14th Nov Early"]
[Site "Chess.com INT"]
[Date "2023.11.14"]
[Round "4"]
[White "Ladopoulos, Dimitrios"]
[Black "Yanchenko, Roman"]
[Result "1-0"]
[WhiteElo "2349"]
[BlackElo "2466"]
[PlyCount "87"]
[EventDate "2023.11.14"]
[EventType "swiss (blitz)"]
[EventRounds "11"]
[EventCountry "USA"]
[SourceTitle "CBM 217 Extra"]
[Source "ChessBase"]
[SourceDate "2024.01.31"]
[SourceVersion "1"]
[SourceVersionDate "2024.01.31"]
[SourceQuality "1"]

1. d4 d5 2. Nf3 Nf6 3. c4 c6 4. e3 Bf5 5. Nh4 Be4 6. Nc3 e6 7. f3 Nh5 8. g3 Bd6 9. fxe4 Nxg3 10. hxg3 Bxg3+ 11. Kd2 Bxh4 12. Qg4 g5 13. cxd5 h5 14. Qg2 Qe7 15. dxe6 fxe6 16. e5 Nd7 17. Ne4 0-0-0 18. Kc2 Kb8 19. Bd2 Rhf8 20. Bd3 c5 21. Nd6 Nb6 22. dxc5 Qc7 23. b4 Nd5 24. Rhf1 b6 25. Rxf8 Rxf8 26. Rf1 Rd8 27. Rf7 Qc6 28. Qf1 bxc5 29. Bb5 Qb6 30. Rb7+ Qxb7 31. Nxb7 Kxb7 32. bxc5 g4 33. Qf7+ Kb8 34. Ba5 Rc8 35. c6 Be7 36. Qxe6 Nxe3+ 37. Kd3 Bc5 38. c7+ Rxc7 39. Bxc7+ Kxc7 40. Qc6+ Kb8 41. Qxc5 Nf5 42. Ba6 Nd6 43. exd6 Ka8 44. Qc8# 1-0

[Event "Titled Tuesday intern op 14th Nov Early"]
[Site "Chess.com INT"]
[Date "2023.11.14"]
[Round "5"]
[White "Sadhwani, Raunak"]
[Black "Ladopoulos, Dimitrios"]
[Result "1-0"]
[WhiteElo "2650"]
[BlackElo "2349"]
[PlyCount "83"]
[EventDate "2023.11.14"]
[EventType "swiss (blitz)"]
[EventRounds "11"]
[EventCountry "USA"]
[SourceTitle "CBM 217 Extra"]
[Source "ChessBase"]
[SourceDate "2024.01.31"]
[SourceVersion "1"]
[SourceVersionDate "2024.01.31"]
[SourceQuality "1"]

1. f4 Nf6 2. Nf3 g6 3. g3 Bg7 4. Bg2 0-0 5. 0-0 d5 6. d3 c5 7. Qe1 d4 8. e4 dxe3 9. Bxe3 Nd5 10. c3 Nxe3 11. Qxe3 Qb6 12. Rf2 Nc6 13. Na3 Rd8 14. Ng5 Bf5 15. Ne4 Bxe4 16. dxe4 Na5 17. e5 e6 18. b3 Bf8 19. g4 c4 20. Qxb6 axb6 21. b4 Rd3 22. Nb5 Nc6 23. Bf1 Rdd8 24. Bxc4 g5 25. fxg5 Nxe5 26. Be2 Rd2 27. a3 Be7 28. h4 Ng6 29. Raf1 Nxh4 30. Rxf7 Bxg5 31. Bc4 Rg2+ 32. Kh1 Kh8 33. Bxe6 Rg3 34. Kh2 Rg2+ 35. Kh3 Re2 36. Bd5 Rd8 37. c4 Re3+ 38. Kh2 Rde8 39. Nd6 Re2+ 40. R7f2 Rxf2+ 41. Rxf2 Re3 42. Nf7+ 1-0

[Event "Heraklion Tal Memorial 4th"]
[Site "Heraklion"]
[Date "2023.11.08"]
[Round "8"]
[White "Ladopoulos, Dimitrios"]
[Black "Townsend, M Paul"]
[Result "1-0"]
[WhiteElo "2349"]
[BlackElo "2170"]
[PlyCount "85"]
[EventDate "2023.11.01"]
[EventType "tourn"]
[EventRounds "9"]
[EventCountry "GRE"]
[SourceTitle "CBM 217 Extra"]
[Source "ChessBase"]
[SourceDate "2024.01.31"]
[SourceVersion "1"]
[SourceVersionDate "2024.01.31"]
[SourceQuality "1"]

1. Nf3 Nf6 2. c4 e6 3. g3 d5 4. d4 Be7 5. Bg2 0-0 6. 0-0 c6 7. Nc3 Nbd7 8. Qd3 b6 9. e4 dxe4 10. Nxe4 Bb7 11. Bf4 c5 12. Nd6 Bc6 13. d5 exd5 14. Nf5 dxc4 15. Qxc4 b5 16. Qc3 b4 17. Qb3 Bd5 18. Qd1 Re8 19. Ne3 Be4 20. Qb3 h6 21. Rfd1 Qc8 22. Nc4 Qb7 23. Bd6 Nf8 24. Bxe7 Rxe7 25. Nd6 Qb6 26. Nxe4 Nxe4 27. Qc4 Rae8 28. Rac1 Qf6 29. Rc2 Nd7 30. Re2 Nb6 31. Qb5 Kf8 32. Rde1 Nc8 33. Kf1 Ncd6 34. Qc6 g5 35. h3 h5 36. Kg1 Kg7 37. h4 gxh4 38. Nxh4 Nd2 39. Rxe7 Rxe7 40. Rxe7 Qxe7 41. Qxd6 Qe1+ 42. Kh2 Qxf2 43. Kh3 1-0

[Event "Heraklion Tal Memorial 4th"]
[Site "Heraklion"]
[Date "2023.11.06"]
[Round "6"]
[White "Ladopoulos, Dimitrios"]
[Black "Grapsa, Georgia"]
[Result "1-0"]
[WhiteElo "2349"]
[BlackElo "1963"]
[PlyCount "69"]
[EventDate "2023.11.01"]
[EventType "tourn"]
[EventRounds "9"]
[EventCountry "GRE"]
[SourceTitle "CBM 217 Extra"]
[Source "ChessBase"]
[SourceDate "2024.01.31"]
[SourceVersion "1"]
[SourceVersionDate "2024.01.31"]
[SourceQuality "1"]

1. Nf3 Nf6 2. c4 c5 3. Nc3 e6 4. g3 Nc6 5. Bg2 d5 6. cxd5 Nxd5 7. 0-0 Be7 8. Nxd5 Qxd5 9. d3 0-0 10. Be3 Qd6 11. d4 cxd4 12. Nxd4 Nxd4 13. Bxd4 Rd8 14. e3 e5 15. Bc3 Qb6 16. Qa4 Bd7 17. Qa5 Bb5 18. Qxb6 axb6 19. Rfc1 f6 20. Bxb7 Ra7 21. Bf3 Bd3 22. Bd1 b5 23. Bb3+ Kf8 24. a3 b4 25. axb4 Rb7 26. Ra4 Bb5 27. Ra5 Bd3 28. Bd5 Rb6 29. e4 Bxb4 30. Ra7 Be7 31. Ba5 Rxd5 32. exd5 Rb8 33. Bc7 Rc8 34. d6 Bd8 35. d7 1-0

[Event "Heraklion Tal Memorial 4th"]
[Site "Heraklion"]
[Date "2023.11.05"]
[Round "5"]
[White "Rozentalis, Eduardas"]
[Black "Ladopoulos, Dimitrios"]
[Result "1-0"]
[WhiteElo "2473"]
[BlackElo "2349"]
[PlyCount "155"]
[EventDate "2023.11.01"]
[EventType "tourn"]
[EventRounds "9"]
[EventCountry "GRE"]
[SourceTitle "CBM 217 Extra"]
[Source "ChessBase"]
[SourceDate "2024.01.31"]
[SourceVersion "1"]
[SourceVersionDate "2024.01.31"]
[SourceQuality "1"]

1. e4 e6 2. d4 d5 3. Nd2 c5 4. Ngf3 cxd4 5. exd5 Qxd5 6. Bc4 Qd7 7. Qe2 Nc6 8. 0-0 Nf6 9. Nb3 a6 10. a4 Bd6 11. Rd1 0-0 12. Nbxd4 e5 13. Nxc6 Qxc6 14. Bg5 Bc7 15. h3 e4 16. Nh2 Re8 17. Nf1 h6 18. Bh4 Be6 19. Bxe6 Qxe6 20. Ne3 g5 21. Bg3 Bf4 22. b3 Rad8 23. Rxd8 Rxd8 24. Rd1 Rxd1+ 25. Qxd1 Bxg3 26. Qd8+ Kg7 27. fxg3 g4 28. h4 Qe5 29. Kf2 Kh7 30. Qb6 Qc3 31. Qd6 Kg7 32. Ke2 h5 33. Qf4 Qc6 34. Nf5+ Kf8 35. Nd4 Qb6 36. Qb8+ Ke7 37. Qe5+ Kd7 38. Nf5 Qe6 39. Qd4+ Kc8 40. Nd6+ Kc7 41. Qc5+ Kb8 42. Qb6 Qe7 43. Nf5 Qe5 44. Nd6 Qe7 45. Nxb7 Qxb7 46. Qxf6 Qc7 47. c3 a5 48. Qh8+ Qc8 49. Qe5+ Qc7 50. Qe8+ Qc8 51. Qxe4 Qxc3 52. Qe8+ Kc7 53. Qxf7+ Kb6 54. Qg6+ Kc7 55. Qd3 Qb2+ 56. Kd1 Qe5 57. Kd2 Kb7 58. Kd1 Qa1+ 59. Ke2 Qe5+ 60. Qe3 Qb2+ 61. Kf1 Qb1+ 62. Kf2 Qc2+ 63. Kg1 Qd1+ 64. Kh2 Qd5 65. b4 axb4 66. Qe7+ Ka6 67. Qxb4 Qd3 68. Qc5 Qg6 69. Qb5+ Ka7 70. a5 Ka8 71. a6 Qf7 72. Qc6+ Kb8 73. Kg1 Qa7+ 74. Kf1 Qf7+ 75. Ke1 Qe7+ 76. Kd1 Qd8+ 77. Kc2 Qe7 78. Qb7+ 1-0

[Event "Titled Tuesday intern op 03rd Oct Late"]
[Site "Chess.com INT"]
[Date "2023.10.03"]
[Round "1"]
[White "Kubatko, Ivan"]
[Black "Ladopoulos, Dimitrios"]
[Result "0-1"]
[WhiteElo "2257"]
[BlackElo "2349"]
[PlyCount "70"]
[EventDate "2023.10.03"]
[EventType "swiss (blitz)"]
[EventRounds "11"]
[EventCountry "USA"]
[SourceTitle "EXT 2025"]
[Source "ChessBase"]
[SourceDate "2024.10.14"]
[SourceVersion "1"]
[SourceVersionDate "2024.10.14"]
[SourceQuality "1"]

1. e4 c5 2. c3 Nf6 3. e5 Nd5 4. d4 cxd4 5. cxd4 e6 6. Nc3 Nxc3 7. bxc3 Qc7 8. Bd2 b6 9. f4 Bb7 10. Nf3 d6 11. Bd3 Nd7 12. 0-0 Be7 13. Qe1 g6 14. Qg3 Bd5 15. exd6 Bxd6 16. Ne5 Nf6 17. Rae1 Nh5 18. Qh3 0-0-0 19. c4 Bb7 20. Be3 Kb8 21. Be2 f6 22. Nd3 Ng7 23. c5 Be7 24. Rc1 Nf5 25. Kh1 Qd7 26. c6 Bxc6 27. Nb4 Bxb4 28. Bf2 Bd6 29. Bg4 Rc8 30. Rcd1 Bd5 31. Rfe1 h5 32. Bf3 Qb7 33. Bxd5 Qxd5 34. Kg1 Rhe8 35. Qd3 Kb7 0-1

[Event "Titled Tuesday intern op 03rd Oct Late"]
[Site "Chess.com INT"]
[Date "2023.10.03"]
[Round "6"]
[White "Yeritsyan, Hayk"]
[Black "Ladopoulos, Dimitrios"]
[Result "0-1"]
[WhiteElo "2197"]
[BlackElo "2349"]
[PlyCount "138"]
[EventDate "2023.10.03"]
[EventType "swiss (blitz)"]
[EventRounds "11"]
[EventCountry "USA"]
[SourceTitle "EXT 2025"]
[Source "ChessBase"]
[SourceDate "2024.10.14"]
[SourceVersion "1"]
[SourceVersionDate "2024.10.14"]
[SourceQuality "1"]

1. d4 e6 2. Nf3 b6 3. e3 Ba6 4. Bd3 Bxd3 5. Qxd3 d5 6. Ne5 Nf6 7. Nd2 c5 8. Qb5+ Nbd7 9. Ndf3 a6 10. Qc6 Qc8 11. Qxc8+ Rxc8 12. Nxd7 Nxd7 13. c3 Bd6 14. 0-0 f5 15. Bd2 h6 16. Rfc1 c4 17. Ne1 g5 18. f3 Nf6 19. Nc2 Kd7 20. h3 h5 21. Kf2 g4 22. hxg4 hxg4 23. Rh1 Rcg8 24. Rag1 Rh2 25. Rxh2 g3+ 26. Kf1 gxh2 27. Rh1 Nh5 28. Be1 Bg3 29. Bf2 b5 30. Na3 Kc6 31. Nb1 a5 32. a3 b4 33. axb4 axb4 34. Ke2 Kb5 35. Nd2 Bd6 36. f4 Rxg2 37. Kf3 Rg6 38. Rxh2 Nf6 39. Rh8 Ne4 40. Nxe4 fxe4+ 41. Ke2 b3 42. Re8 Kc6 43. Rc8+ Kd7 44. Ra8 Rh6 45. Kf1 Rh1+ 46. Bg1 Rh3 47. Kg2 Rh7 48. Bf2 Rg7+ 49. Bg3 Rf7 50. Ra7+ Ke8 51. Ra8+ Kd7 52. Ra7+ Ke8 53. Ra8+ Ke7 54. Bh4+ Kd7 55. Ra7+ Bc7 56. Bg3 Kc6 57. Ra6+ Bb6 58. Ra8 Ra7 59. Rxa7 Bxa7 60. Be1 Bb8 61. Kg3 Bd6 62. Kg2 Ba3 63. Bd2 Bxb2 64. f5 Ba1 65. f6 Kd7 66. Bc1 Ke8 67. Ba3 Kf7 68. Kf2 b2 69. Bxb2 Bxb2 0-1

[Event "GRE-chT 50th"]
[Site "Nikaia"]
[Date "2023.08.30"]
[Round "7.1"]
[White "Ladopoulos, Dimitrios"]
[Black "Kotrotsos, Vasilios"]
[Result "1-0"]
[WhiteElo "2382"]
[BlackElo "2305"]
[PlyCount "197"]
[EventDate "2023.08.25"]
[EventType "team"]
[EventRounds "9"]
[EventCountry "GRE"]
[SourceTitle "CBM 216 Extra"]
[Source "ChessBase"]
[SourceDate "2023.11.30"]
[SourceVersion "1"]
[SourceVersionDate "2023.11.30"]
[SourceQuality "1"]
[WhiteTeam "Ippotis Rodi"]
[BlackTeam "Khalandrii"]
[WhiteTeamCountry "GRE"]
[BlackTeamCountry "GRE"]

1. d4 d5 2. Nf3 e6 3. c4 a6 4. cxd5 exd5 5. Bg5 Be7 6. Bxe7 Qxe7 7. Nc3 Nf6 8. e3 0-0 9. Qc2 Nc6 10. Be2 Bg4 11. 0-0 Na7 12. Bd3 Bxf3 13. gxf3 c5 14. dxc5 Qxc5 15. Ne4 Qxc2 16. Nxf6+ gxf6 17. Bxc2 Rfd8 18. Rfd1 Nc6 19. Kf1 Rd6 20. Ke2 Rad8 21. Rac1 h6 22. Ba4 b5 23. Bc2 Kf8 24. Bf5 Ne7 25. Bb1 d4 26. f4 Nc6 27. Rc5 Ne7 28. e4 Ng6 29. Kf3 d3 30. Rd2 Rd4 31. Ke3 Nh4 32. f3 Ng2+ 33. Rxg2 d2 34. Bc2 Rd3+ 35. Kf2 d1Q 36. Bxd1 Rxd1 37. Kg3 R8d3 38. Rc8+ Rd8 39. Rxd8+ Rxd8 40. Rc2 Kg7 41. b3 a5 42. h4 Rd1 43. Kg4 Rf1 44. h5 Rh1 45. Rg2 Kf8 46. e5 Ke7 47. Rc2 fxe5 48. fxe5 a4 49. bxa4 bxa4 50. f4 Kf8 51. Kf5 Rh4 52. Rc8+ Kg7 53. Rc4 Rxh5+ 54. Kg4 Rh1 55. Rxa4 Rg1+ 56. Kf5 h5 57. Ra3 Rg2 58. Rh3 Rxa2 59. Rxh5 Ra4 60. Rh4 Rb4 61. Rg4+ Kf8 62. Rg1 Ra4 63. Rb1 Kg7 64. Rb7 Ra6 65. Kg5 Rg6+ 66. Kf5 Ra6 67. Rd7 Rb6 68. Rd6 Rb4 69. Kg5 Rb1 70. Rd7 Rg1+ 71. Kf5 Rg6 72. Ke4 Rg1 73. Rd6 Re1+ 74. Kf5 Rg1 75. Rd4 Rg2 76. Ke4 Re2+ 77. Kf3 Re1 78. Rd3 Rf1+ 79. Ke4 Re1+ 80. Re3 Ra1 81. f5 Ra4+ 82. Kf3 Rb4 83. Re4 Rb3+ 84. Kf4 Rb1 85. Rc4 Re1 86. Rc7 Rf1+ 87. Kg4 Rg1+ 88. Kh4 Rh1+ 89. Kg3 Rg1+ 90. Kf3 Rf1+ 91. Ke4 Re1+ 92. Kd4 Rd1+ 93. Kc5 Kg8 94. f6 Rd2 95. Kc6 Rd1 96. Rd7 Ra1 97. Rb7 Rd1 98. Rb8+ Kh7 99. e6 1-0

[Event "Thessaloniki SKG op 3rd"]
[Site "Thessaloniki"]
[Date "2023.08.10"]
[Round "7"]
[White "Ladopoulos, Dimitrios"]
[Black "Papadimitriou, Athanasios"]
[Result "1-0"]
[WhiteElo "2382"]
[BlackElo "2249"]
[PlyCount "78"]
[EventDate "2023.08.05"]
[EventType "swiss"]
[EventRounds "9"]
[EventCountry "GRE"]
[SourceTitle "CBM 215 Extra"]
[Source "ChessBase"]
[SourceDate "2023.09.30"]
[SourceVersion "1"]
[SourceVersionDate "2023.09.30"]
[SourceQuality "1"]

1. e4 e5 2. Nc3 Nf6 3. Nf3 Nc6 4. Bb5 Bb4 5. Bxc6 dxc6 6. d3 Qd6 7. Bd2 Bg4 8. h3 Bh5 9. a3 Ba5 10. g4 Bg6 11. Ne2 Bb6 12. Ng3 0-0-0 13. Qe2 Nd7 14. Bc3 f6 15. Nf5 Qf8 16. a4 Bf7 17. a5 Bc5 18. a6 b6 19. d4 exd4 20. N3xd4 Ne5 21. f4 Bc4 22. Qg2 g6 23. fxe5 gxf5 24. 0-0-0 fxe5 25. Nxf5 Bd6 26. Qg3 Qe8 27. g5 Bxa6 28. h4 Qe6 29. Kb1 Rhg8 30. h5 Rd7 31. Rdg1 Qc4 32. Qg4 Qa4 33. b3 Qa3 34. Rd1 Kb7 35. Rd2 Rf7 36. Rhd1 Qc5 37. Rxd6 Qxc3 38. Rd8 Rxd8 39. Rxd8 Be2 1-0

[Event "Thessaloniki SKG op 3rd"]
[Site "Thessaloniki"]
[Date "2023.08.08"]
[Round "5"]
[White "Ladopoulos, Dimitrios"]
[Black "Tsarsitalidis, Christos"]
[Result "1-0"]
[WhiteElo "2382"]
[BlackElo "2022"]
[PlyCount "135"]
[EventDate "2023.08.05"]
[EventType "swiss"]
[EventRounds "9"]
[EventCountry "GRE"]
[SourceTitle "CBM 215 Extra"]
[Source "ChessBase"]
[SourceDate "2023.09.30"]
[SourceVersion "1"]
[SourceVersionDate "2023.09.30"]
[SourceQuality "1"]

1. d4 Nf6 2. Nf3 e6 3. c4 Bb4+ 4. Nbd2 0-0 5. a3 Be7 6. e4 d6 7. Be2 Nbd7 8. 0-0 e5 9. Qc2 c6 10. b4 exd4 11. Nxd4 Re8 12. Bb2 Bf8 13. N4b3 d5 14. cxd5 cxd5 15. Bf3 Ne5 16. Bxe5 Rxe5 17. exd5 Bg4 18. Nc4 Rh5 19. Bxg4 Nxg4 20. Qe2 Qh4 21. h3 Nf6 22. Ne3 Bd6 23. Rad1 Qf4 24. g3 Qh6 25. Kg2 Rxh3 26. Rh1 Rxh1 27. Rxh1 Qg5 28. Qf3 Rd8 29. Na5 Rd7 30. Rc1 h5 31. Rc8+ Kh7 32. Nac4 Be5 33. Qf5+ Qxf5 34. Nxf5 Rc7 35. Rxc7 Bxc7 36. d6 Bd8 37. Na5 Bxa5 38. bxa5 Kg8 39. Kf3 Kf8 40. Kf4 g6 41. Ne3 a6 42. Ke5 Nd7+ 43. Kd4 f6 44. Nd5 Kf7 45. Nf4 g5 46. Nxh5 Ke6 47. Ke4 Nc5+ 48. Kd4 Nd7 49. Ng7+ Kxd6 50. Ke4 Kc5 51. Ne8 Kb5 52. Kf5 Kxa5 53. Nxf6 Nf8 54. Ne4 b5 55. Nc5 Kb6 56. Nd3 a5 57. Kxg5 Kc6 58. Kf6 Kd5 59. Kf7 Kd4 60. Nc1 Nd7 61. Nb3+ Ke4 62. Nxa5 Ne5+ 63. Ke6 Nf3 64. Nc6 Ng5+ 65. Kf6 Nf3 66. Na7 Ne5 67. f4 Ng4+ 68. Ke6 1-0

[Event "GRE CupT 41st f/16"]
[Site "Greece"]
[Date "2023.06.18"]
[Round "1.2"]
[White "Ladopoulos, Dimitrios"]
[Black "Christodoulou, Panormitis"]
[Result "1-0"]
[WhiteElo "2391"]
[BlackElo "1953"]
[PlyCount "75"]
[EventDate "2023.06.18"]
[EventType "team-k.o."]
[EventRounds "1"]
[EventCountry "GRE"]
[SourceTitle "EXT 2024"]
[Source "ChessBase"]
[SourceDate "2023.10.10"]
[SourceVersion "1"]
[SourceVersionDate "2023.10.10"]
[SourceQuality "1"]

1. d4 Nf6 2. Nf3 e6 3. c4 Bb4+ 4. Nbd2 b6 5. a3 Bxd2+ 6. Qxd2 Bb7 7. e3 d6 8. b4 0-0 9. Bb2 Nbd7 10. Be2 Ne4 11. Qc2 f5 12. 0-0 Rf6 13. d5 Rh6 14. dxe6 Rxe6 15. c5 bxc5 16. bxc5 Ndxc5 17. Bc4 d5 18. Ba2 Rh6 19. Nd4 Qh4 20. h3 Rf8 21. Rfd1 Rg6 22. f3 Ng5 23. Kh1 Nxh3 24. gxh3 Rg3 25. Rd2 Nd3 26. Rh2 Rf6 27. Qxc7 h6 28. Ne2 f4 29. Qd8+ Kh7 30. Bb1 Ba6 31. Bxd3+ Bxd3 32. Nxg3 Qxg3 33. Bxf6 Qxf3+ 34. Rg2 Be4 35. Raa2 Qxh3+ 36. Kg1 Qxe3+ 37. Kh2 Bg6 38. Qe7 1-0

[Event "Reykjavik op"]
[Site "Reykjavik"]
[Date "2023.04.02"]
[Round "7"]
[White "Ladopoulos, Dimitrios"]
[Black "Yeo, Ruizhi Carwyn"]
[Result "1-0"]
[WhiteElo "2391"]
[BlackElo "1963"]
[PlyCount "75"]
[EventDate "2023.03.29"]
[EventType "swiss"]
[EventRounds "9"]
[EventCountry "ISL"]
[SourceTitle "EXT 2024"]
[Source "ChessBase"]
[SourceDate "2023.10.10"]
[SourceVersion "1"]
[SourceVersionDate "2023.10.10"]
[SourceQuality "1"]

1. d4 Nf6 2. Nf3 g6 3. c4 Bg7 4. g3 0-0 5. Bg2 c6 6. 0-0 d5 7. a4 Ne4 8. a5 b5 9. axb6 Qxb6 10. c5 Qb7 11. Qa4 Qa6 12. Nc3 Nxc3 13. bxc3 Qxa4 14. Rxa4 Ba6 15. Re1 Bb5 16. Ra5 Nd7 17. e4 Nxc5 18. dxc5 Bxc3 19. Bd2 Bxa5 20. Bxa5 e6 21. Nd4 Rab8 22. Bc7 Rb7 23. Bd6 Rc8 24. exd5 exd5 25. Bh3 Rd8 26. Ra1 a6 27. Bf1 Rc8 28. Bxb5 axb5 29. Ra6 b4 30. Rb6 Rxb6 31. cxb6 c5 32. Bxc5 Rb8 33. Kf1 f6 34. Ke2 Kf7 35. Ke3 Ke8 36. Nc6 Rb7 37. Na5 Rb8 38. b7 1-0

[Event "Reykjavik op"]
[Site "Reykjavik"]
[Date "2023.03.29"]
[Round "1"]
[White "Ladopoulos, Dimitrios"]
[Black "Murphy, Hugh W"]
[Result "1-0"]
[WhiteElo "2391"]
[BlackElo "2100"]
[PlyCount "73"]
[EventDate "2023.03.29"]
[EventType "swiss"]
[EventRounds "9"]
[EventCountry "ISL"]
[SourceTitle "CBM 213 Extra"]
[Source "ChessBase"]
[SourceDate "2023.05.31"]
[SourceVersion "1"]
[SourceVersionDate "2023.05.31"]
[SourceQuality "1"]

1. d4 Nf6 2. Nf3 e6 3. c4 Bb4+ 4. Nbd2 0-0 5. a3 Be7 6. e4 d6 7. Bd3 e5 8. dxe5 dxe5 9. Nxe5 Re8 10. Qc2 Nh5 11. g3 Bf6 12. Nef3 Nc6 13. 0-0 Bg4 14. Re1 g6 15. Bf1 Qd7 16. Rb1 Rad8 17. b4 Nd4 18. Nxd4 Bxd4 19. Nb3 Be5 20. Bg2 Bd1 21. Qa2 Bc3 22. Nc5 Qc8 23. Rf1 Bg4 24. Qc2 Bg7 25. Bg5 f6 26. Be3 b6 27. Nb3 Bh3 28. Rbd1 Bxg2 29. Kxg2 Qb7 30. c5 Rxd1 31. c6 Qa6 32. Rxd1 Bf8 33. Rd7 Bd6 34. Nd4 Qxa3 35. Nb5 Qxb4 36. Nxd6 cxd6 37. c7 1-0